[Event "Rhein Main op-B 22nd"]
[Site "Bad Homburg"]
[Date "2019.06.23"]
[Round "7"]
[White "Janzen, Andreas"]
[Black "Eckert, Lutz"]
[Result "1/2-1/2"]
[WhiteElo "1848"]
[BlackElo "1507"]
[PlyCount "72"]
[EventDate "2019.06.19"]
[EventType "swiss"]
[EventRounds "7"]
[EventCountry "GER"]
[SourceTitle "EXT 2020"]
[Source "ChessBase"]
[SourceDate "2019.10.17"]
[SourceVersion "1"]
[SourceVersionDate "2019.10.17"]
[SourceQuality "1"]

1. d4 Nf6 2. c4 e5 3. dxe5 Ne4 4. Nd2 Bb4 5. a3 Nxd2 6. Bxd2 Bxd2+ 7. Qxd2 Nc6 8. Nf3 Qe7 9. Qc3 0-0 10. e3 Re8 11. Be2 Nxe5 12. 0-0 d6 13. Nd4 Bd7 14. Rfd1 a6 15. Rac1 Bg4 16. c5 dxc5 17. Qxc5 Qxc5 18. Rxc5 Bxe2 19. Nxe2 Nc6 20. Rcd5 Rad8 21. Nf4 Rxd5 22. Rxd5 Rd8 23. Kf1 Kf8 24. Ke2 Ke7 25. f3 Rxd5 26. Nxd5+ Kd6 27. Nc3 Ne5 28. b3 f5 29. f4 Nd7 30. b4 b5 31. Kd3 c5 32. bxc5+ Kxc5 33. e4 fxe4+ 34. Nxe4+ Kd5 35. Nc3+ Kc5 36. Ne4+ Kd5 1/2-1/2

[Event "Rhein Main op-B 22nd"]
[Site "Bad Homburg"]
[Date "2019.06.19"]
[Round "1"]
[White "Spiegelberg, Silvia"]
[Black "Eckert, Lutz"]
[Result "1-0"]
[WhiteElo "1898"]
[BlackElo "1507"]
[PlyCount "53"]
[EventDate "2019.06.19"]
[EventType "swiss"]
[EventRounds "7"]
[EventCountry "GER"]
[SourceTitle "EXT 2020"]
[Source "ChessBase"]
[SourceDate "2019.10.17"]
[SourceVersion "1"]
[SourceVersionDate "2019.10.17"]
[SourceQuality "1"]

1. e4 c5 2. Nf3 d6 3. d4 cxd4 4. Nxd4 Nf6 5. Nc3 a6 6. f3 e5 7. Nb3 b5 8. Be3 Bb7 9. a3 d5 10. exd5 Nxd5 11. Nxd5 Qxd5 12. Be2 Qxd1+ 13. Rxd1 Nc6 14. Nc5 Bxc5 15. Bxc5 f6 16. 0-0 Rd8 17. c4 Nd4 18. Bxd4 exd4 19. cxb5 axb5 20. Bxb5+ Kf7 21. a4 Rd6 22. Rc1 Rc8 23. Rxc8 Bxc8 24. Rc1 Be6 25. Bd3 f5 26. a5 Rd5 27. b4 1-0

[Event "Daehne Cup Region 16/17 qual V"]
[Site "Hannover"]
[Date "2017.07.06"]
[Round "2"]
[White "Stummeyer, Dieter"]
[Black "Eckert, Lutz"]
[Result "1-0"]
[WhiteElo "1761"]
[BlackElo "1479"]
[PlyCount "81"]
[EventDate "2017.06.29"]
[EventType "k.o."]
[EventRounds "5"]
[EventCountry "GER"]
[SourceTitle "EXT 2022"]
[Source "ChessBase"]
[SourceDate "2021.10.06"]
[SourceVersion "1"]
[SourceVersionDate "2021.10.06"]
[SourceQuality "1"]

1. e4 c5 2. Nf3 d6 3. d4 cxd4 4. Nxd4 Nf6 5. Nc3 a6 6. Be2 g6 7. Be3 Bg7 8. Qd2 Ng4 9. Bxg4 Bxg4 10. f3 Bd7 11. 0-0-0 Nc6 12. Nb3 Rc8 13. Nd5 0-0 14. Bb6 Qe8 15. Qe3 Ne5 16. Na5 Nc4 17. Nxc4 Rxc4 18. b3 Rc6 19. c4 Be6 20. Kb1 Bxd5 21. exd5 Rc8 22. g4 Qd7 23. h4 f5 24. g5 f4 25. Qe4 Qf5 26. Rde1 Qxe4+ 27. Rxe4 Rce8 28. Rhe1 Be5 29. Bd4 Bxd4 30. Rxd4 Rf7 31. b4 Rc8 32. Ree4 Rcf8 33. a4 b6 34. Kc2 Kg7 35. Re6 Rc8 36. Ree4 b5 37. axb5 axb5 38. Kb3 bxc4+ 39. Rxc4 Rxc4 40. Kxc4 e5 41. dxe6 1-0

[Event "Rhein Main op-B 20th"]
[Site "Bad Homburg"]
[Date "2017.06.16"]
[Round "4"]
[White "Lochmann, Tobias"]
[Black "Eckert, Lutz"]
[Result "0-1"]
[WhiteElo "715"]
[BlackElo "1510"]
[PlyCount "78"]
[EventDate "2017.06.14"]
[EventType "swiss"]
[EventRounds "7"]
[EventCountry "GER"]
[SourceTitle "EXT 2018"]
[Source "ChessBase"]
[SourceDate "2017.10.13"]
[SourceVersion "1"]
[SourceVersionDate "2017.10.13"]
[SourceQuality "1"]

1. c4 Nf6 2. Nc3 g6 3. Nf3 Bg7 4. e4 d6 5. Be2 e5 6. d3 h6 7. 0-0 0-0 8. d4 exd4 9. Nd5 Nxe4 10. Nxd4 Bd7 11. Bd3 Re8 12. Be3 Nc5 13. Qd2 Nxd3 14. Qxd3 c6 15. Nc3 h5 16. Nf3 Bf5 17. Qd2 Na6 18. Bg5 f6 19. Bh6 Qd7 20. Nh4 Kh7 21. Bf4 Qf7 22. Bxd6 Be6 23. Qd3 Bxc4 24. Qg3 Bxf1 25. Rxf1 Re6 26. Ba3 Rd8 27. h3 b5 28. Nd1 b4 29. Bxb4 Nxb4 30. f3 Red6 31. Nf2 Nd3 32. Ne4 Rd4 33. Nf2 Nxf2 34. Qxf2 Rd1 35. Rxd1 Rxd1+ 36. Kh2 f5 37. Qe2 Qc7+ 38. g3 Qd7 39. g4 Rd2 0-1

[Event "Daehne Cup Region 15/16 VII Rest"]
[Site "Hannover"]
[Date "2016.07.21"]
[Round "4"]
[White "Eckert, Lutz"]
[Black "Glaschak, Joachim"]
[Result "1-0"]
[WhiteElo "1494"]
[BlackElo "1257"]
[PlyCount "57"]
[EventDate "2016.07.??"]
[EventType "swiss"]
[EventCountry "GER"]
[SourceTitle "EXT 2022"]
[Source "ChessBase"]
[SourceDate "2021.10.06"]
[SourceVersion "1"]
[SourceVersionDate "2021.10.06"]
[SourceQuality "1"]

1. d4 d5 2. Nf3 Nf6 3. c4 e6 4. e3 Be7 5. Nc3 0-0 6. Bd3 c6 7. 0-0 dxc4 8. Bxc4 b5 9. Bd3 a5 10. Qc2 b4 11. Ne4 Ba6 12. Nxf6+ Bxf6 13. Bxh7+ Kh8 14. Bd3 Bxd3 15. Qxd3 c5 16. Qe4 Nd7 17. Bd2 c4 18. a3 b3 19. Bc3 Re8 20. Rad1 Nb6 21. Ne5 Qc7 22. f4 Na4 23. Rf3 g6 24. Rc1 Bxe5 25. fxe5 Nxc3 26. Rxc3 f5 27. exf6 e5 28. Rh3+ Kg8 29. Qxg6+ 1-0

[Event "Rhein Main op-B 19th"]
[Site "Bad Homburg"]
[Date "2016.05.26"]
[Round "3"]
[White "Deutsch, Volker"]
[Black "Eckert, Lutz"]
[Result "1-0"]
[WhiteElo "1590"]
[BlackElo "1234"]
[PlyCount "93"]
[EventDate "2016.05.25"]
[EventType "swiss"]
[EventRounds "7"]
[EventCountry "GER"]
[SourceTitle "EXT 2017"]
[Source "ChessBase"]
[SourceDate "2016.10.25"]
[SourceVersion "1"]
[SourceVersionDate "2016.10.25"]
[SourceQuality "1"]

1. e4 c5 2. Nf3 d6 3. Bb5+ Bd7 4. Bxd7+ Qxd7 5. d4 cxd4 6. Nxd4 Nf6 7. Nc3 a6 8. a4 e5 9. Nf3 Be7 10. 0-0 0-0 11. Re1 Qc7 12. Qd3 h6 13. Bd2 Nc6 14. Nd5 Nxd5 15. exd5 Nb8 16. c4 Nd7 17. Be3 Nc5 18. Bxc5 Qxc5 19. Qc3 Rac8 20. Rac1 a5 21. b3 Bf6 22. Nd2 Qa7 23. Ne4 Be7 24. Ng3 f5 25. Qf3 e4 26. Qh5 Bg5 27. Rc2 Rce8 28. Rce2 Re5 29. Kh1 Bf4 30. Qh4 Bg5 31. Qh5 Qb6 32. Rb1 Qb4 33. Ree1 Bd2 34. Red1 f4 35. Qe2 e3 36. Nf1 Rfe8 37. h3 exf2 38. Qxf2 Be3 39. Qe1 Qxe1 40. Rxe1 Bc5 41. Rxe5 Rxe5 42. Nd2 g5 43. Nf3 Re3 44. Ne1 Bb4 45. Nc2 Re1+ 46. Nxe1 Bxe1 47. Rxe1 1-0

[Event "Eschborn op 11th"]
[Site "Eschborn"]
[Date "2014.09.05"]
[Round "1"]
[White "Griep, Christoph"]
[Black "Eckert, Lutz"]
[Result "1-0"]
[WhiteElo "1913"]
[BlackElo "1353"]
[PlyCount "99"]
[EventDate "2014.09.05"]
[EventType "swiss"]
[EventRounds "5"]
[EventCountry "GER"]
[SourceTitle "EXT 2015"]
[Source "ChessBase"]
[SourceDate "2014.11.20"]
[SourceVersion "1"]
[SourceVersionDate "2014.11.20"]
[SourceQuality "1"]

1. d4 Nf6 2. c4 g6 3. Nc3 d5 4. Nf3 Bg7 5. e3 0-0 6. Be2 Bg4 7. h3 Bxf3 8. Bxf3 c6 9. Qb3 Qc7 10. cxd5 cxd5 11. Nxd5 Nxd5 12. Bxd5 Nc6 13. Bd2 e6 14. Bf3 Qd7 15. Rc1 Rab8 16. 0-0 Rfd8 17. Bc3 b6 18. Rfd1 Ne7 19. Bb4 Rbc8 20. Rc3 Rxc3 21. bxc3 Nc6 22. c4 Nxb4 23. Qxb4 Bf8 24. Qb3 Qe7 25. a4 Qb4 26. Qxb4 Bxb4 27. Rb1 Bd6 28. g4 g5 29. Rb5 h6 30. a5 Bc7 31. axb6 axb6 32. Rb2 Kf8 33. Ra2 Rd7 34. Kg2 Ke7 35. Ra6 Kf6 36. Ra7 Re7 37. Rb7 Rd7 38. Bc6 Re7 39. e4 Kg7 40. Kf3 f6 41. Ke2 f5 42. e5 f4 43. Kd3 Bd8 44. Rb8 Bc7 45. Rc8 Kf7 46. Kc3 b5 47. cxb5 Ba5+ 48. Kc4 f3 49. Kd3 Kg7 50. Bxf3 1-0

[Event "Daehne Cup Hannover"]
[Site "Langenhagen"]
[Date "2014.08.23"]
[Round "1"]
[White "Eckert, Lutz"]
[Black "Wittur, Helge"]
[Result "1-0"]
[WhiteElo "1566"]
[BlackElo "1918"]
[PlyCount "109"]
[EventDate "2014.08.23"]
[EventType "k.o."]
[EventRounds "3"]
[EventCountry "GER"]
[SourceTitle "EXT 2021"]
[Source "ChessBase"]
[SourceDate "2020.10.23"]
[SourceVersion "1"]
[SourceVersionDate "2020.10.23"]
[SourceQuality "1"]

1. e4 e5 2. Nf3 Nc6 3. d4 exd4 4. Nxd4 Bc5 5. Be3 Qf6 6. c3 Nge7 7. Nf5 Bxe3 8. Nxe3 0-0 9. Bd3 d6 10. 0-0 Ne5 11. Be2 N5g6 12. Nd2 Nf4 13. Bg4 Bxg4 14. Qxg4 h5 15. Qf3 Qg5 16. Kh1 c6 17. g3 Nfg6 18. Qe2 Rae8 19. Rad1 Kh8 20. f4 Qh6 21. Ndc4 d5 22. Nd6 Nxf4 23. Rxf4 Qxd6 24. Qxh5+ Qh6 25. Qxh6+ gxh6 26. exd5 Ng6 27. Rf3 Ne5 28. Rf5 cxd5 29. Rxd5 Nc6 30. Nc4 Re1+ 31. Kg2 Ne7 32. Rde5 Rxe5 33. Rxe5 Nc6 34. Re4 Rd8 35. Re2 Rd5 36. Rf2 Kg8 37. Ne3 Ra5 38. a3 Ne7 39. Nc4 Rd5 40. Rd2 Kg7 41. Rxd5 Nxd5 42. Kf3 Kf6 43. Nd6 Nb6 44. b3 Nd5 45. c4 Nc3 46. Ne4+ Nxe4 47. Kxe4 Kg5 48. h3 f5+ 49. Kf3 Kf6 50. Kf4 Ke6 51. b4 a6 52. a4 Kf6 53. b5 axb5 54. cxb5 b6 55. a5 1-0

[Event "Daehne Cup Region VII"]
[Site "Hannover"]
[Date "2013.06.06"]
[Round "2"]
[White "Kleinschroth, Roland"]
[Black "Eckert, Lutz"]
[Result "1-0"]
[WhiteElo "2040"]
[BlackElo "1449"]
[PlyCount "103"]
[EventDate "2013.05.30"]
[EventType "k.o."]
[EventRounds "5"]
[EventCountry "GER"]
[SourceTitle "EXT 2022"]
[Source "ChessBase"]
[SourceDate "2021.10.06"]
[SourceVersion "1"]
[SourceVersionDate "2021.10.06"]
[SourceQuality "1"]

1. e4 e6 2. d4 d5 3. Bd3 c5 4. exd5 Qxd5 5. Nf3 Nc6 6. Nc3 Qd8 7. dxc5 Bxc5 8. 0-0 Nf6 9. Bg5 h6 10. Bf4 a6 11. a3 Bd6 12. Qd2 Qc7 13. Bxd6 Qxd6 14. Rfe1 Qc7 15. Ne4 Nd5 16. g3 b5 17. c4 bxc4 18. Bxc4 0-0 19. Rac1 Rd8 20. Qc2 Ne5 21. Nxe5 Qxe5 22. Nc3 Qc7 23. Nxd5 exd5 24. Bxd5 Qxc2 25. Rxc2 Rxd5 26. Re8+ Kh7 27. Rexc8 Ra7 28. b4 a5 29. R8c5 Rd1+ 30. Kg2 axb4 31. axb4 Rb1 32. Rb5 Ra4 33. Rc4 Rb2 34. h4 Raa2 35. Rf4 f6 36. h5 Ra7 37. Rb8 Rb3 38. Rc4 g6 39. hxg6+ Kxg6 40. Rb6 Rf7 41. Rf4 Rd3 42. Kf1 Rdd7 43. b5 Rb7 44. Rxb7 Rxb7 45. Rb4 Rb6 46. Ke2 Kf5 47. Kd3 Ke5 48. Kc4 Kd6 49. Ra4 Rb8 50. Ra6+ Ke7 51. Kc5 Rc8+ 52. Rc6 1-0

[Event "Hannover Region-ch"]
[Site "Hannover"]
[Date "2013.01.26"]
[Round "1"]
[White "Zucker, Stefan"]
[Black "Eckert, Lutz"]
[Result "1-0"]
[WhiteElo "1817"]
[BlackElo "1457"]
[PlyCount "69"]
[EventDate "2013.01.26"]
[EventType "swiss"]
[EventRounds "7"]
[EventCountry "GER"]
[SourceTitle "EXT 2021"]
[Source "ChessBase"]
[SourceDate "2020.10.23"]
[SourceVersion "1"]
[SourceVersionDate "2020.10.23"]
[SourceQuality "1"]

1. e4 e6 2. d3 d5 3. Nd2 dxe4 4. Nxe4 Nf6 5. Bd2 Nxe4 6. dxe4 e5 7. Nf3 Bd6 8. Bc4 0-0 9. h3 Nc6 10. 0-0 a6 11. a4 Bd7 12. a5 Qc8 13. c3 Be6 14. Bd3 f6 15. Nh4 Ne7 16. Be3 Qe8 17. c4 Ng6 18. Nf5 Qc6 19. Qg4 Rf7 20. h4 Bxf5 21. exf5 Nf4 22. Bxf4 exf4 23. c5 Bxc5 24. Rac1 Rd7 25. Bc4+ Kf8 26. Be6 Rd4 27. Qh5 Qe8 28. Qxe8+ Kxe8 29. Rxc5 c6 30. Rc4 Rad8 31. Re1 Rxc4 32. Bxc4+ Kd7 33. Re4 Kd6 34. b4 c5 35. Re6+ 1-0

[Event "Hannover Region-ch"]
[Site "Langenhagen"]
[Date "2012.03.10"]
[Round "4"]
[White "Simon, Viktor"]
[Black "Eckert, Lutz"]
[Result "1/2-1/2"]
[WhiteElo "1412"]
[BlackElo "1507"]
[PlyCount "130"]
[EventDate "2012.01.14"]
[EventType "swiss"]
[EventRounds "7"]
[EventCountry "GER"]
[SourceTitle "EXT 2021"]
[Source "ChessBase"]
[SourceDate "2020.10.23"]
[SourceVersion "1"]
[SourceVersionDate "2020.10.23"]
[SourceQuality "1"]

1. Nf3 g6 2. d4 Nf6 3. e3 Bg7 4. c4 d5 5. Nc3 c6 6. Be2 0-0 7. 0-0 Nbd7 8. cxd5 cxd5 9. Qc2 Nb6 10. b3 Bd7 11. Bb2 Rc8 12. Rac1 Bf5 13. Bd3 Ne4 14. Qe2 Nxc3 15. Bxc3 Bxd3 16. Qxd3 Qd6 17. Rfd1 Nd7 18. Qb5 Qc6 19. Qxc6 Rxc6 20. Bb4 Bf6 21. Rxc6 bxc6 22. Rc1 Rb8 23. Ba3 Rb6 24. Bb2 Ra6 25. a4 Rb6 26. Nd2 e5 27. a5 Ra6 28. b4 Be7 29. b5 cxb5 30. Rc7 Bb4 31. Rxd7 Bxd2 32. Rxd5 Bxa5 33. Rxe5 Rb6 34. Re8+ Kg7 35. d5+ Kh6 36. Re7 f5 37. Rxa7 Bb4 38. Rd7 Bc5 39. Be5 b4 40. Bf4+ g5 41. Be5 b3 42. Bb2 Kg6 43. Rc7 Bf8 44. Rc6+ Rxc6 45. dxc6 Bd6 46. g3 Kf7 47. Kf1 Ke6 48. Ke2 Kd5 49. Kd3 Kxc6 50. Kc4 g4 51. Kxb3 Kd5 52. Kc3 Be5+ 53. Kc2 Bxb2 54. Kxb2 Ke4 55. Kc2 Kf3 56. Kd3 Kxf2 57. e4 fxe4+ 58. Kxe4 Kg2 59. Kf4 Kh3 60. Kg5 Kxh2 61. Kxg4 Kg2 62. Kh4 Kf3 63. g4 Kf4 64. g5 Kf5 65. Kh5 Kf4 1/2-1/2

[Event "Hannover Region-ch"]
[Site "Langenhagen"]
[Date "2012.01.28"]
[Round "2"]
[White "Brockmann, Marc"]
[Black "Eckert, Lutz"]
[Result "0-1"]
[WhiteElo "1197"]
[BlackElo "1507"]
[PlyCount "68"]
[EventDate "2012.01.14"]
[EventType "swiss"]
[EventRounds "7"]
[EventCountry "GER"]
[SourceTitle "EXT 2021"]
[Source "ChessBase"]
[SourceDate "2020.10.23"]
[SourceVersion "1"]
[SourceVersionDate "2020.10.23"]
[SourceQuality "1"]

1. d4 e6 2. c4 Nf6 3. Nc3 b6 4. e4 Bb7 5. Bd3 d5 6. cxd5 exd5 7. e5 Ne4 8. Nf3 Be7 9. Qc2 Nxc3 10. bxc3 h6 11. 0-0 0-0 12. Re1 c5 13. Re3 Nc6 14. Bb5 Rc8 15. Ne1 cxd4 16. Rh3 Nxe5 17. Qf5 Ng6 18. Bxh6 gxh6 19. Rxh6 Kg7 20. Qh3 Rh8 21. Rxh8 Qxh8 22. Qd7 Rb8 23. Bd3 Qd8 24. Qg4 dxc3 25. Rc1 Bc8 26. Qg3 Bd6 27. Qf3 d4 28. Bc4 Qf6 29. Qd5 Bb7 30. Qb5 Qf4 31. Nd3 Qxh2+ 32. Kf1 Qxg2+ 33. Ke1 Qh1+ 34. Ke2 Bf3# 0-1

[Event "Hannover Region-ch"]
[Site "Hannover"]
[Date "2007.03.24"]
[Round "6"]
[White "Eckert, Lutz"]
[Black "Wittur, Helge"]
[Result "0-1"]
[WhiteElo "1582"]
[BlackElo "1869"]
[PlyCount "114"]
[EventDate "2007.01.13"]
[EventType "swiss"]
[EventRounds "7"]
[EventCountry "GER"]
[SourceTitle "EXT 2021"]
[Source "ChessBase"]
[SourceDate "2020.10.23"]
[SourceVersion "1"]
[SourceVersionDate "2020.10.23"]
[SourceQuality "1"]

1. d4 f5 2. c4 Nf6 3. g3 g6 4. Bg2 Bg7 5. Nc3 c6 6. Nf3 0-0 7. 0-0 d6 8. Bf4 Na6 9. Qd2 Nc7 10. Rab1 Bd7 11. b4 Rb8 12. Bh6 b5 13. Bxg7 Kxg7 14. cxb5 Nxb5 15. Rb2 Nxc3 16. Qxc3 Nd5 17. Qd2 Qb6 18. e3 a5 19. Ne1 axb4 20. Nd3 Be6 21. Bxd5 Bxd5 22. Rxb4 Qa5 23. Rb2 Qxd2 24. Rxd2 Rb5 25. Nf4 Ra8 26. Nxd5 Rxd5 27. Rc2 c5 28. dxc5 dxc5 29. Ra1 Kf6 30. Kg2 Ke6 31. Kf3 Kd6 32. Rb2 c4 33. Rc2 Kc5 34. Rb1 Ra3 35. Ke2 Rd7 36. Rbc1 Ra4 37. a3 Rb7 38. Ra2 Rb3 39. Rca1 e5 40. h4 e4 41. Kd2 Rd3+ 42. Kc2 c3 43. Kb3 Ra7 44. Rc1 Rb7+ 45. Ka4 Kc4 46. Ka5 Rd8 47. Ka6 Rb3 48. Ka7 Rd6 49. a4 Rd7+ 50. Ka6 Kc5 51. a5 Kc4 52. Ra4+ Rb4 53. Ra3 Rb3 54. Ra4+ Kc5 55. Rc2 Rd2 56. Raa2 Rxc2 57. Rxc2 Kc4 0-1

[Event "Hannover Region-ch"]
[Site "Hannover"]
[Date "2006.03.11"]
[Round "5"]
[White "Eckert, Lutz"]
[Black "Diskin, Semen"]
[Result "0-1"]
[WhiteElo "1567"]
[BlackElo "1867"]
[PlyCount "72"]
[EventDate "2006.01.14"]
[EventType "swiss"]
[EventRounds "7"]
[EventCountry "GER"]
[SourceTitle "EXT 2021"]
[Source "ChessBase"]
[SourceDate "2020.10.23"]
[SourceVersion "1"]
[SourceVersionDate "2020.10.23"]
[SourceQuality "1"]

1. Nc3 d5 2. e4 d4 3. Nce2 e5 4. Ng3 Be6 5. Nf3 Nc6 6. Bb5 Bd6 7. 0-0 a6 8. Ba4 b5 9. Bb3 Bxb3 10. axb3 g6 11. d3 h5 12. c4 h4 13. Ne2 b4 14. h3 a5 15. Nh2 f5 16. f4 fxe4 17. dxe4 d3 18. fxe5 dxe2 19. Qxe2 Nxe5 20. Ng4 Bc5+ 21. Kh1 Qd3 22. Qe1 Nxg4 23. hxg4 Qg3 24. Bf4 Qxe1 25. Raxe1 0-0-0 26. Be5 Rh7 27. Rf3 Nh6 28. Bf6 Rd2 29. Bg5 Rxb2 30. Bxh6 Rxh6 31. e5 Rh8 32. e6 Re8 33. Kh2 Bd6+ 34. Kh3 Bg3 35. Rd1 Rxe6 36. Rf8+ Kb7 0-1

[Event "Hannover-ch MT"]
[Site "Hannover"]
[Date "2004.09.19"]
[Round "7"]
[White "Eckert, Lutz"]
[Black "Sherman, Radyslav"]
[Result "0-1"]
[WhiteElo "1560"]
[BlackElo "1721"]
[PlyCount "84"]
[EventDate "2004.09.16"]
[EventType "swiss"]
[EventRounds "7"]
[EventCountry "GER"]
[SourceTitle "EXT 2021"]
[Source "ChessBase"]
[SourceDate "2020.10.23"]
[SourceVersion "1"]
[SourceVersionDate "2020.10.23"]
[SourceQuality "1"]

1. d4 d5 2. c4 e5 3. dxe5 d4 4. Nf3 Nc6 5. e4 Bg4 6. h3 Bxf3 7. Qxf3 Nxe5 8. Qb3 Rb8 9. Na3 a6 10. Bf4 Nc6 11. Qg3 Rc8 12. Be2 Nf6 13. Bd3 Nh5 14. Qg5 Nxf4 15. Qxf4 Bb4+ 16. Ke2 Bxa3 17. bxa3 Qe7 18. Qc1 0-0 19. f4 Qh4 20. Qf1 Rce8 21. Qf2 Qe7 22. Rhb1 b6 23. Qf3 Qxa3 24. e5 Qc5 25. a3 g6 26. Kf2 f6 27. exf6 Rxf6 28. Qd5+ Qxd5 29. cxd5 Ne5 30. Bxa6 Rxf4+ 31. Kg1 Rd8 32. Rc1 Rd7 33. Bc8 Re7 34. Be6+ Kg7 35. Rc2 Nd3 36. g3 Re4 37. Kf1 Re3 38. Kg2 Ne1+ 39. Rxe1 Rxe1 40. Rd2 c5 41. d6 R7xe6 42. d7 Rd6 0-1

[Event "Hannover-ch MT"]
[Site "Hannover"]
[Date "2004.09.17"]
[Round "4"]
[White "Eckert, Lutz"]
[Black "Lick, Helmut"]
[Result "0-1"]
[WhiteElo "1560"]
[BlackElo "1471"]
[PlyCount "60"]
[EventDate "2004.09.16"]
[EventType "swiss"]
[EventRounds "7"]
[EventCountry "GER"]
[SourceTitle "EXT 2021"]
[Source "ChessBase"]
[SourceDate "2020.10.23"]
[SourceVersion "1"]
[SourceVersionDate "2020.10.23"]
[SourceQuality "1"]

1. d4 Nf6 2. c4 g6 3. Nc3 Bg7 4. e4 d6 5. Be3 0-0 6. Nf3 c6 7. Be2 Re8 8. Qc2 a6 9. 0-0 b5 10. a3 bxc4 11. Bxc4 d5 12. Bd3 dxe4 13. Nxe4 Nfd7 14. Rad1 a5 15. Qd2 Na6 16. Bb1 Rb8 17. Ba2 Nf6 18. Neg5 Nd5 19. Ne5 Bxe5 20. dxe5 Bb7 21. Qd4 f6 22. Nf3 Kg7 23. Qh4 Qc8 24. Qh6+ Kg8 25. Bd4 Qe6 26. exf6 exf6 27. Ng5 Qe7 28. Rde1 Qg7 29. Qh3 Nac7 30. Nxh7 Qxh7 0-1

[Event "Hannover-ch MT"]
[Site "Hannover"]
[Date "2004.09.17"]
[Round "3"]
[White "Troschkin, Viktor"]
[Black "Eckert, Lutz"]
[Result "1-0"]
[WhiteElo "1612"]
[BlackElo "1560"]
[PlyCount "61"]
[EventDate "2004.09.16"]
[EventType "swiss"]
[EventRounds "7"]
[EventCountry "GER"]
[SourceTitle "EXT 2021"]
[Source "ChessBase"]
[SourceDate "2020.10.23"]
[SourceVersion "1"]
[SourceVersionDate "2020.10.23"]
[SourceQuality "1"]

1. d4 Nf6 2. c4 g6 3. Nf3 Bg7 4. Nc3 d5 5. cxd5 Nxd5 6. e4 Nxc3 7. bxc3 c5 8. Be3 0-0 9. Be2 Nc6 10. 0-0 cxd4 11. cxd4 e5 12. d5 Na5 13. Qa4 Bd7 14. Bb5 Bxb5 15. Qxb5 b6 16. Rac1 Nb7 17. Qb4 Re8 18. Rc6 Bf8 19. Qb1 Rc8 20. Rfc1 Rxc6 21. Rxc6 Na5 22. Rc2 f6 23. Qb5 Re7 24. g4 g5 25. h4 h6 26. hxg5 hxg5 27. Kg2 Qd7 28. Qxd7 Rxd7 29. Rc8 Kf7 30. Bxg5 fxg5 31. Nxe5+ 1-0